<?xml version="1.0" encoding="UTF-8"?>
<record
    xmlns:xsi="http://www.w3.org/2001/XMLSchema-instance"
    xsi:schemaLocation="http://www.loc.gov/MARC21/slim http://www.loc.gov/standards/marcxml/schema/MARC21slim.xsd"
    xmlns="http://www.loc.gov/MARC21/slim">

  <leader>00541nam a22001457a 4500</leader>
  <controlfield tag="001">5582545</controlfield>
  <controlfield tag="003">AR-BeUNQ</controlfield>
  <controlfield tag="005">20220616184028.0</controlfield>
  <datafield tag="245" ind1="0" ind2="2">
    <subfield code="a">Siete debates nacionales en politicas de comunicaci&#xF3;n :</subfield>
    <subfield code="b">Actores, convergencia y tecnolog&#xED;a.</subfield>
    <subfield code="c">Guillermo Matastrini ; Ornella Carboni</subfield>
    <subfield code="h">libro</subfield>
  </datafield>
  <datafield tag="250" ind1="0" ind2="1">
    <subfield code="a">1a.ed</subfield>
  </datafield>
  <datafield tag="260" ind1=" " ind2=" ">
    <subfield code="a">Bernal :</subfield>
    <subfield code="b">Universidad Nacional de Quilmes, </subfield>
    <subfield code="c">2012.</subfield>
  </datafield>
  <datafield tag="490" ind1=" " ind2=" ">
    <subfield code="a">Comunicaci&#xF3;n y Cultura / Alejandro Kaufamn</subfield>
  </datafield>
  <datafield tag="500" ind1=" " ind2=" ">
    <subfield code="a">Politicas P&#xFA;blicas. Ciencias de la Comunicaci&#xF3;n. Medios de comunicaci&#xF3;n. </subfield>
  </datafield>
  <datafield tag="942" ind1="0" ind2="3">
    <subfield code="c">LIB</subfield>
  </datafield>
  <datafield tag="999" ind1=" " ind2=" ">
    <subfield code="c">254</subfield>
    <subfield code="d">254</subfield>
  </datafield>
  <datafield tag="952" ind1=" " ind2=" ">
    <subfield code="0">0</subfield>
    <subfield code="1">0</subfield>
    <subfield code="7">0</subfield>
    <subfield code="a">BIBESET</subfield>
    <subfield code="b">BIBESET</subfield>
    <subfield code="c">sala</subfield>
    <subfield code="d">2022-06-16</subfield>
    <subfield code="o">320 / SIE</subfield>
    <subfield code="p">59905</subfield>
    <subfield code="r">2022-06-16</subfield>
    <subfield code="y">LIB</subfield>
  </datafield>
  <datafield tag="952" ind1=" " ind2=" ">
    <subfield code="0">0</subfield>
    <subfield code="1">0</subfield>
    <subfield code="7">0</subfield>
    <subfield code="a">BIBESET</subfield>
    <subfield code="b">BIBESET</subfield>
    <subfield code="c">circulacion</subfield>
    <subfield code="d">2022-06-16</subfield>
    <subfield code="l">0</subfield>
    <subfield code="o">320 / SIE</subfield>
    <subfield code="p">59909</subfield>
    <subfield code="r">2022-06-16</subfield>
    <subfield code="w">2022-06-16</subfield>
    <subfield code="y">LIB</subfield>
  </datafield>
</record>
